[Event "Lueneburger Schachfestival GM 2019"]
[Site "Lueneburg"]
[Date "2019.08.09"]
[Round "8.4"]
[White "Parvanyan, Ashot"]
[Black "Polster, Christian"]
[Result "1/2-1/2"]
[WhiteElo "2423"]
[BlackElo "2254"]
[Annotator "NA"]
[PlyCount "98"]
[EventDate "2019.08.02"]
[EventType "tourn"]
[EventCountry "GER"]
[SourceTitle "playchess.com"]
[Source "ChessBase"]
[SourceQuality "1"]
[TimeControl "40/5400+30:1800+30"]

1. Nf3 {[%emt 0:00:00]} d5 {[%emt 0:04:46]} 2. d4 {[%emt 0:00:44]} c6 {[%emt 0:01:26]} 3. c4 {[%emt 0:00:17]} Nf6 {[%emt 0:07:06]} 4. Qb3 {[%emt 0:04:17]} dxc4 {[%emt 0:08:42]} 5. Qxc4 {[%emt 0:00:17]} Nbd7 {[%emt 0:05:14]} 6. g3 {[%emt 0:03:12]} e5 {[%emt 0:03:31]} 7. dxe5 {[%emt 0:08:21]} Nxe5 {[%emt 0:03:09]} 8. Nxe5 {[%emt 0:00:10]} Qa5+ {[%emt 0:00:08]} 9. Nc3 {[%emt 0:00:44]} Qxe5 {[%emt 0:00:11]} 10. Bg2 {[%emt 0:01:15]} Qc5 {[%emt 0:04:47]} 11. Qb3 {[%emt 0:07:05]} Qb4 {[%emt 0:14:10]} 12. Qc2 {[%emt 0:00:53]} Be6 {[%emt 0:02:24]} 13. O-O {[%emt 0:04:11]} Be7 {[%emt 0:03:36]} 14. Bd2 {[%emt 0:02:56]} Qc4 {[%emt 0:03:09]} 15. b3 {[%emt 0:03:26]} Qc5 {[%emt 0:02:28]} 16. e4 {[%emt 0:04:14]} Qh5 {[%emt 0:05:55]} 17. f3 {[%emt 0:07:04]} Bh3 {[%emt 0:02:18]} 18. Bxh3 {[%emt 0:04:43]} Qxh3 {[%emt 0:00:03]} 19. Ne2 {[%emt 0:00:40]} O-O {[%emt 0:03:37]} 20. Nf4 {[%emt 0:17:15]} Qd7 {[%emt 0:02:34]} 21. Rad1 {[%emt 0:02:41]} Qc7 {[%emt 0:01:40]} 22. Kg2 {[%emt 0:02:18]} Bd6 {[%emt 0:01:39]} 23. Nd3 {[%emt 0:01:07]} Rfe8 {[%emt 0:01:36]} 24. Bc3 {[%emt 0:01:27]} Nd7 {[%emt 0:01:20]} 25. Rfe1 {[%emt 0:01:06]} Ne5 {[%emt 0:02:16]} 26. Nf2 {[%emt 0:00:19]} f6 {[%emt 0:02:56]} 27. f4 {[%emt 0:04:05]} Nf7 {[%emt 0:00:18]} 28. Ng4 {[%emt 0:00:09]} Qc8 {[%emt 0:05:18]} 29. Ne3 {[%emt 0:04:26]} Qe6 {[%emt 0:01:18]} 30. Nf5 {[%emt 0:00:28]} Bf8 {[%emt 0:03:10]} 31. Nd4 {[%emt 0:00:20]} Qe7 {[%emt 0:01:13]} 32. h4 {[%emt 0:13:14]} c5 {[%emt 0:01:35]} 33. Nf5 {[%emt 0:01:36]} Qe6 {[%emt 0:00:13]} 34. Kf3 {[%emt 0:00:56]} Nd6 {[%emt 0:00:50]} 35. Nxd6 {[%emt 0:00:28]} Bxd6 {[%emt 0:00:02]} 36. f5 {[%emt 0:00:40]} Qe7 {[%emt 0:00:34]} 37. Rd5 {[%emt 0:00:50]} Rad8 {[%emt 0:00:56]} 38. Red1 {[%emt 0:00:31]} Bc7 {[%emt 0:01:20]} 39. Bb2 {[%emt 0:00:33]} b6 {[%emt 0:00:56]} 40. g4 {[%emt 0:00:28]} Rd6 {[%emt 0:00:52]} 41. Qc4 {[%emt 0:09:10]} Kf8 {[%emt 0:01:46]} 42. Rxd6 {[%emt 0:06:26]} Bxd6 {[%emt 0:00:08]} 43. Rd5 {[%emt 0:04:10]} Bb8 {[%emt 0:03:38]} 44. Qd3 {[%emt 0:04:12]} Qc7 $14 {[%emt 0:04:30]} 45. e5 {[%emt 0:00:12]} fxe5 {[%emt 0:04:00]} 46. Qe4 {[%emt 0:00:53]} Qe7 {[%emt 0:07:55]} 47. Kg3 {[%emt 0:01:28]} Rd8 {[%emt 0:02:32]} 48. Rxd8+ {[%emt 0:02:00]} Qxd8 {[%emt 0:00:02]} 49. g5 {[%emt 0:02:46]} Qd1 {[%emt 0:05:50]} 1/2-1/2

[Event "Lueneburger Schachfestival GM 2019"]
[Site "Lueneburg"]
[Date "2019.08.09"]
[Round "8.5"]
[White "Wachinger, Nikolas"]
[Black "Korley, Kassa"]
[Result "1/2-1/2"]
[WhiteElo "2318"]
[BlackElo "2437"]
[Annotator "TA"]
[PlyCount "77"]
[EventDate "2019.08.02"]
[EventType "tourn"]
[EventCountry "GER"]
[SourceTitle "playchess.com"]
[Source "ChessBase"]
[SourceQuality "1"]

{[%evp 9,77,19,12,10,10,8,15,8,14,6,0,0,0,0,0,0,0,-8,22,26,70,10,52,58,71,52,79,46,68,61,50,48,66,55,67,55,68,34,139,109,365,375,357,356,330,256,247,242,679,661,511,329,407,102,61,72,73,-43,-31,-102,0,0,0,0,0,0,0,0,0,0]} 1. e4 c5 2. Nf3 e6 3. g3 Nc6 4. Bg2 Nf6 5. Qe2 (5. d3 d5 6. Nbd2 Be7 7. O-O O-O 8. Re1 b5 9. a4 b4 10. e5 Nd7 11. Nf1 b3 12. c4 dxc4 13. dxc4 Rb8 14. Bd2 Qc7 15. Bc3 Rd8 16. N1d2 Bb7 17. Qe2 Ba8 {1-0 (57) Malakhov,V (2654)-Salgado Lopez,I (2624) Germany 2019}) 5... e5 6. O-O {B40: Sicilian: 2...e6, Unusual lines} Be7 7. d3 O-O 8. Na3 d6 9. c3 Rb8 10. Nc4 b5 $146 ({Predecessor:} 10... Ne8 11. Ne3 Nc7 12. h3 Be6 {1-0 (40) Gukesh,D (2440)-Bofill Mas,A (2323) Barcelona 2018}) 11. Ne3 Re8 12. Nd2 Bf8 13. f4 Ba6 14. f5 c4 15. b4 (15. dxc4 $14 bxc4 16. g4) 15... cxb3 16. axb3 Bb7 17. b4 Ra8 18. g4 Nd7 19. Nd5 a5 20. bxa5 Nxa5 21. Rb1 Nc5 22. g5 $36 {[%mdl 2048] White fights for an advantage.} Na4 23. g6 Bxd5 (23... fxg6 $14 24. fxg6 Bxd5 25. exd5 Nxc3) 24. exd5 $16 {Threatens to win with gxf7+.} Nxc3 $2 {[%mdl 8192]} (24... fxg6 $16 {is a better defense.} 25. Ne4 gxf5 26. Rxf5 Qc8) 25. gxf7+ $1 $18 (25. Qh5 fxg6 26. fxg6 h6 $11) 25... Kxf7 26. Qh5+ Kg8 27. Rb4 Be7 28. Bb2 Na4 $2 (28... Qc8 29. Kh1 Rf8) 29. f6 $1 {[%cal Rf6f7]} Bxf6 30. Rg4 {Intending Be4 and mate.} Ra7 {[#]} (30... Nxb2 $2 31. Be4 $18) 31. Ne4 $2 ({Weaker is} 31. Be4 g6 $16) (31. Rxf6 $1 $18 {[%mdl 512] Be4 would kill now.} Qxf6 32. Qxe8+ {[%mdl 64] Double Attack} Qf8 33. Qe6+ Kh8 34. Ba3) 31... Rf8 $16 32. Ba3 $1 {[%cal Ra3d6]} ({Wrong is} 32. Nxf6+ $2 Rxf6 33. Rxf6 Qxf6 $17) 32... Be7 {Black wants to play ...Nb7.} 33. Ng3 ({Reject} 33. Qh6 g6 $11) (33. Rxf8+ $16 Qxf8 34. Rg3) 33... Rxf1+ $1 $15 34. Kxf1 {[#]} (34. Nxf1 $15 g6 35. Be4) 34... Qf8+ ({Better is} 34... Nb3 $1 $17 {And now ...Nac5 would win.} 35. Nf5 Bf6 36. Bxd6 Kh8) 35. Nf5 $11 {The position is equal.} g6 $1 {[#]} 36. Rxg6+ $1 {[%mdl 512]} hxg6 37. Qxg6+ {[%mdl 64] Double Attack} Kh8 {Hoping for ...Qf6.} 38. Qh5+ Kg8 39. Qg6+ {[%mdl 64] Double Attack. Accuracy: White = 68%, Black = 45%.} 1/2-1/2

[Event "Lueneburger Schachfestival GM 2019"]
[Site "Lueneburg"]
[Date "2019.08.10"]
[Round "9.1"]
[White "Korley, Kassa"]
[Black "Reuker, Jari"]
[Result "1/2-1/2"]
[WhiteElo "2437"]
[BlackElo "2403"]
[Annotator "NA"]
[PlyCount "45"]
[EventDate "2019.08.02"]
[EventType "tourn"]
[EventCountry "GER"]
[SourceTitle "playchess.com"]
[Source "ChessBase"]
[SourceQuality "1"]
[TimeControl "40/5400+30:1800+30"]

1. d4 {[%emt 0:00:00]} Nf6 {[%emt 0:00:00]} 2. c4 {[%emt 0:00:00]} e6 {[%emt 0:00:00]} 3. Nc3 {[%emt 0:00:00]} Bb4 {[%emt 0:00:56]} 4. Qc2 {[%emt 0:00:00]} O-O {[%emt 0:07:28]} 5. a3 {[%emt 0:00:00]} Bxc3+ {[%emt 0:00:09]} 6. Qxc3 {[%emt 0:00:00]} Qe8 {[%emt 0:04:41]} 7. Nf3 {[%emt 0:00:10]} a5 {[%emt 0:01:49]} 8. b3 {[%emt 0:01:31]} d6 {[%emt 0:02:49]} 9. Bb2 {[%emt 0:00:04]} Nbd7 {[%emt 0:02:45]} 10. e3 {[%emt 1:33:15]} b6 {[%emt 0:04:55]} 11. Be2 {[%emt 0:00:00]} Bb7 {[%emt 0:01:51]} 12. O-O {[%emt 0:00:00]} Ne4 {[%emt 0:02:31]} 13. Qc2 {[%emt 0:00:00]} f5 {[%emt 0:01:35]} 14. b4 {[%emt 0:00:00]} c5 {[%emt 0:11:40]} 15. bxc5 {[%emt 0:00:00]} bxc5 {[%emt 0:01:31]} 16. Rab1 {[%emt 0:00:00]} Bc6 {[%emt 0:12:44]} 17. Nd2 {[%emt 0:00:00]} Qg6 {[%emt 0:08:33]} 18. f3 {[%emt 0:00:00]} Qh6 {[%emt 0:02:11]} 19. Qd3 {[%emt 0:00:00]} cxd4 {[%emt 0:02:30]} 20. fxe4 {[%emt 0:00:00]} Nc5 {[%emt 0:02:51]} 21. Qxd4 {[%emt 0:00:00]} e5 {[%emt 0:00:05]} 22. Qc3 {[%emt 0:00:00]} Na4 {[%emt 0:00:47]} 23. Qd3 {[%emt 0:00:00]} 1/2-1/2

[Event "Lueneburger Schachfestival GM 2019"]
[Site "Lueneburg"]
[Date "2019.08.10"]
[Round "9.2"]
[White "Polster, Christian"]
[Black "Wachinger, Nikolas"]
[Result "1-0"]
[WhiteElo "2254"]
[BlackElo "2318"]
[Annotator "NA"]
[PlyCount "63"]
[EventDate "2019.08.02"]
[EventType "tourn"]
[EventCountry "GER"]
[SourceTitle "playchess.com"]
[Source "ChessBase"]
[SourceQuality "1"]
[TimeControl "40/5400+30:1800+30"]

1. b3 {[%emt 0:00:00]} c5 {[%emt 0:00:30]} 2. Bb2 {[%emt 0:00:00]} d5 {[%emt 0:01:22]} 3. e3 {[%emt 0:00:25]} a6 {[%emt 0:04:24]} 4. Nf3 {[%emt 0:02:26]} Nc6 {[%emt 0:00:47]} 5. d4 {[%emt 0:02:50]} Bg4 {[%emt 0:12:54]} 6. Be2 {[%emt 0:03:11]} cxd4 {[%emt 0:01:29]} 7. Nxd4 {[%emt 0:07:17]} Bxe2 {[%emt 0:01:50]} 8. Qxe2 {[%emt 0:00:40]} Rc8 {[%emt 0:14:40]} 9. O-O {[%emt 0:03:31]} Nf6 {[%emt 0:00:25]} 10. Nxc6 {[%emt 0:04:38]} Rxc6 {[%emt 0:00:14]} 11. Na3 {[%emt 0:08:27]} e6 {[%emt 0:23:47]} 12. c4 {[%emt 0:01:35]} Bxa3 {[%emt 0:05:46]} 13. Bxa3 {[%emt 0:00:16]} Qa5 {[%emt 0:00:08]} 14. Qb2 {[%emt 0:05:19]} dxc4 {[%emt 0:00:42]} 15. bxc4 {[%emt 0:02:23]} Rb6 {[%emt 0:00:14]} 16. Qd4 {[%emt 0:01:57]} e5 {[%emt 0:00:40]} 17. Qd3 {[%emt 0:00:35]} Nd7 {[%emt 0:11:25]} 18. Rfd1 {[%emt 0:04:08]} Qa4 {[%emt 0:00:10]} 19. c5 {[%emt 0:09:56]} Rg6 {[%emt 0:01:19]} 20. c6 {[%emt 0:02:02]} Qxc6 {[%emt 0:00:10]} 21. e4 {[%emt 0:03:34]} Qb5 {[%emt 0:02:54]} 22. Rac1 {[%emt 0:00:33]} Kd8 {[%emt 0:00:56]} 23. Qd2 {[%emt 0:01:58]} f5 {[%emt 0:04:53]} 24. Rc5 {[%emt 0:01:51]} Qa4 {[%emt 0:01:21]} 25. Rd5 {[%emt 0:00:46]} Qxe4 {[%emt 0:02:11]} 26. Rxd7+ {[%emt 0:00:12]} Kc8 {[%emt 0:00:13]} 27. f3 {[%emt 0:02:16]} Qxf3 {[%emt 0:00:07]} 28. Rd8+ {[%emt 0:01:56]} Kc7 {[%emt 0:00:02]} 29. Qd7+ {[%emt 0:00:17]} Kb6 {[%emt 0:00:04]} 30. Rb1+ {[%emt 0:00:11]} Ka5 {[%emt 0:00:30]} 31. Qd2+ {[%emt 0:00:08]} Ka4 {[%emt 0:00:15]} 32. Qb4# {[%emt 0:00:05]} 1-0

[Event "Lueneburger Schachfestival GM 2019"]
[Site "Lueneburg"]
[Date "2019.08.10"]
[Round "9.3"]
[White "Vorobiov, Evgeny E."]
[Black "Parvanyan, Ashot"]
[Result "1/2-1/2"]
[WhiteElo "2578"]
[BlackElo "2423"]
[Annotator "ChessBase"]
[PlyCount "34"]
[EventDate "2019.08.02"]
[EventType "tourn"]
[EventCountry "GER"]
[SourceTitle "playchess.com"]
[Source "ChessBase"]
[SourceQuality "1"]
[TimeControl "40/5400+30:1800+30"]

1. d4 {[%emt 0:00:00]} Nf6 {[%emt 0:00:00]} 2. c4 {[%emt 0:00:00]} c5 {[%emt 0:00:00]} 3. Nf3 {[%emt 0:02:24]} cxd4 {[%emt 0:01:54]} 4. Nxd4 {[%emt 0:00:04]} e6 {[%emt 0:00:36]} 5. Nc3 {[%emt 0:02:31]} Bb4 {[%emt 0:00:29]} 6. g3 {[%emt 0:00:34]} O-O {[%emt 0:00:59]} 7. Bg2 {[%emt 0:00:32]} d5 {[%emt 0:00:08]} 8. cxd5 {[%emt 0:21:02]} Nxd5 {[%emt 0:02:03]} 9. Qb3 {[%emt 0:06:31]} Nc6 {[%emt 0:26:05]} 10. Nxc6 {[%emt 0:02:28]} bxc6 {[%emt 0:00:11]} 11. O-O {[%emt 0:00:21]} Qa5 {[%emt 0:05:25]} 12. Bd2 {[%emt 0:05:24]} Bxc3 {[%emt 0:01:23]} 13. Bxc3 {[%emt 0:05:08]} Nxc3 {[%emt 0:00:36]} 14. Qxc3 {[%emt 0:01:22]} Qxc3 {[%emt 0:00:10]} 15. bxc3 {[%emt 0:00:02]} Ba6 {[%emt 0:00:27]} 16. Bxc6 {[%emt 0:06:27]} Rac8 {[%emt 0:01:09]} 17. Bf3 {[%emt 0:00:08]} Rxc3 {[%emt 0:00:32]} 1/2-1/2

[Event "Lueneburger Schachfestival GM 2019"]
[Site "Lueneburg"]
[Date "2019.08.10"]
[Round "9.5"]
[White "Ovsejevitsch, Sergei"]
[Black "Sriram, Jha"]
[Result "1/2-1/2"]
[WhiteElo "2590"]
[BlackElo "2381"]
[Annotator "ChessBase"]
[PlyCount "21"]
[EventDate "2019.08.02"]
[EventType "tourn"]
[EventCountry "GER"]
[SourceTitle "playchess.com"]
[Source "ChessBase"]
[SourceQuality "1"]
[TimeControl "40/5400+30:1800+30"]

1. d4 {[%emt 0:00:00]} d5 {[%emt 0:00:00]} 2. c4 {[%emt 0:00:00]} c6 {[%emt 0:00:00]} 3. cxd5 {[%emt 0:00:00]} cxd5 {[%emt 0:00:00]} 4. Bf4 {[%emt 0:00:00]} Nc6 {[%emt 0:00:00]} 5. Nc3 {[%emt 0:00:05]} Nf6 {[%emt 0:00:00]} 6. e3 {[%emt 0:00:06]} Bf5 {[%emt 0:00:00]} 7. Bd3 {[%emt 0:00:07]} Bxd3 {[%emt 0:00:00]} 8. Qxd3 {[%emt 0:00:03]} e6 {[%emt 0:00:05]} 9. h3 {[%emt 0:00:21]} Bd6 {[%emt 0:00:03]} 10. Nge2 {[%emt 0:00:05]} O-O {[%emt 0:00:05]} 11. O-O {[%emt 1:34:43]} 1/2-1/2